La Situación Económico Política de los Ferrocarriles del Estado

Gorde:
Xehetasun bibliografikoak
Egile Nagusiak: Simón, Raul (Egilea), Waidele A., Juan (Egilea), Frick, Federico (Egilea), Solar Puga, Ricardo (Egilea), Urzúa, Heriberto (Egilea)
Erakunde egilea: Ferrocarriles del Estado (Egilea)
Beste egile batzuk: Palma, Ricardo (autor)
Formatua: Liburua
Hizkuntza:gaztelania
Argitaratua: Santiago Imprenta de los Ferrocarriles del Estado 1922
Edizioa:1a. ed
Gaiak:
Etiketak: Etiketa erantsi
Etiketarik gabe, Izan zaitez lehena erregistro honi etiketa jartzen!

MARC

LEADER 00000nam a2200000 a 4500
001 UCJ8353
003 CL-VaPUC
008 070124e19220000CL |||||||||||||||||spa|d
082 0 4 |a 625  |b SIM  |2 21 
100 0 |a Simón, Raul  |e author  |9 505136 
700 0 |a Waidele A., Juan  |e author  |9 517135 
700 0 |a Frick, Federico  |e author  |9 517136 
700 0 |a Solar Puga, Ricardo  |e author  |9 517137 
700 0 |a Urzúa, Heriberto  |e author  |9 517138 
700 |a Palma, Ricardo  |e autor  |9 352070 
110 2 |a Ferrocarriles del Estado  |e author  |9 517139 
245 1 3 |a La Situación Económico Política de los Ferrocarriles del Estado 
250 |a 1a. ed 
942 |c BK 
945 |d 20070124 00:00:00  |a rinostro 
260 |a Santiago  |b Imprenta de los Ferrocarriles del Estado  |c 1922 
650 7 |a FERROCARRILES, ADMINISTRACION  |2 CL-VaPUC  |9 517140 
583 |a last modification  |c 20070124 00:00:00  |k Rodrigo Vera 
999 |c 324108  |d 324106 
952 |0 0  |1 0  |4 0  |6 625_000000000000000_SIM_1922  |7 0  |8 X  |9 404021  |a FDOBUD  |b FDOBUD  |d 2019-11-22  |i 1076639  |o 625 SIM 1922  |p 1076639  |r 2019-11-22  |w 2019-11-22  |y BK_X  |k BUD 
952 |0 0  |1 0  |4 0  |6 625_000000000000000_SIM_1922  |7 0  |8 X  |9 404022  |a FDOBUD  |b FDOBUD  |d 2019-11-22  |i 1076647  |o 625 SIM 1922  |p 1076647  |r 2019-11-22  |w 2019-11-22  |y BK_X  |k BUD